000
00352nam a2200145 a 4500
005
20140414131856.0
008
100828s19uu xx 00 eng d
050
_a
FIL
_b
T55 2008
100
_a
Tobias-Papa, May
245
_a
Araw sa palengke.
260
_a
Manila, Philippines :
_b
Adarna,
_c
2008.
440
_a
999
_c
110483
_d
110483